| 000 | 00391nam a2200133Ia 4500 | ||
|---|---|---|---|
| 008 | 150610s9999 xx 000 0 und d | ||
| 020 | _a9716420684 | ||
| 050 |
_aDS33 _b.Z13l 1999 |
||
| 100 | _aZaide, Sonia M. | ||
| 245 |
_aHistory of Asian nations / _cSonia M. Zaide. |
||
| 260 |
_aQuezon City : _bAll Nations, _c1999. |
||
| 300 |
_a236pages : _billustrations ; _c26 cm. |
||
| 520 | _aAsia. | ||
| 999 |
_c288217 _d288217 |
||